Les Personnages de Zootopie - Statistiques

Statistiques générales
  • Ce quiz a été pris 316 fois
  • Le résultat moyen est 6 sur 16
Statistiques - réponses
Par images Réponse % Correct
Judy Hopps
91%
Nick Wilde
91%
Flash Slothmore
85%
Gazelle
76%
Chef Bogo
62%
Mr Big
34%
Gideon Gray
29%
Benjamin Clawhauser
26%
Dawn Bellwether
20%
Mme Otterton
19%
Leodore Lionheart
15%
Finnick
14%
Priscilla
14%
Fru-Fru
13%
Duke Weaselton
11%
Yax
11%
Aucun quiz correspondant
Distribution des résultats
% des personnes avec chaque résultat
Percentile par nombre de réponses
Votre historique - résultats
Vous n’avez pas pris ce quiz